| 000 | 00274nam a22001337a 4500 | ||
|---|---|---|---|
| 999 |
_c31810 _d31810 |
||
| 003 | Nust | ||
| 005 | 20170112184517.0 | ||
| 008 | 170112b xxu||||| |||| 00| 0 eng d | ||
| 020 | _a978-81-265-1088-7 | ||
| 040 | _c. | ||
| 082 | _a530 | ||
| 100 | _aHalliday Resnick | ||
| 245 |
_aPhysics Vol l _cHalliday Resnick |
||
| 250 | _a5th | ||
| 260 |
_aSingapore _bJohan Wiley _c2008. |
||
| 300 | _a566. p: | ||
| 500 | _aPaperback. | ||
| 942 |
_cBK _2ddc |
||